North American Professional Sports Teams - Click Quiz - Statistics

General Stats
  • This quiz has been taken 291 times
  • The average score is 23 of 30
Answer Stats
Hint Answer % Correct
Heat NBA
88%
Jaguars NFL
87%
Suns NBA
86%
Jazz NBA
86%
Titans NFL
86%
Brewers MLB
84%
Grizzlies NBA
84%
Thunder NBA
82%
Commanders NFL
82%
Ducks NHL
82%
Rays MLB
81%
Texans NFL
81%
Kraken NHL
81%
Flames NHL
80%
Sabres NHL
79%
Guardians MLB
77%
Angles MLB
77%
Dream WNBA
75%
Sky WNBA
75%
Stars NHL
74%
Wild NHL
73%
Fever WNBA
73%
Lynx WNBA
72%
Dyanmo MLS
71%
Crew MLS
71%
Union MLS
69%
Whitecaps MLS
62%
Rapids MLS
59%
Fire MLS
58%
Sun WNBA
43%
No matching quizzes found
Score Distribution
Percent of People with Each Score
Percentile by Number Answered
Your Score History
You have not taken this quiz